All foreign players Leeds United - Statistics

General Stats
  • This quiz has been taken 23 times
  • The average score is 54 of 173
Answer Stats
Hint Answer % Correct
Raphinha
84%
Brendan Aaronson
79%
Harry Kewell
79%
Illan Meslier
74%
Tyler Adams
74%
Mark Viduka
68%
Rodrigo
68%
Alf-Inge Håland
63%
Ezgjan Alioski
63%
Jimmy Floyd Hasselbaink
63%
Junior Firpo
63%
Lucas Radebe
63%
Pascal Struijk
63%
Robin Koch
63%
Tony Yeboah
63%
Wilfried Gnonto
63%
Crysencio Summerville
58%
Éric Cantona
58%
Filipe Da Costa
58%
Glen Kamara
58%
Olivier Dacourt
58%
Pablo Hernández
58%
Armando Sá
53%
Eirik Bakke
53%
Gaetano Berardi
53%
Hélder Costa
53%
Luis Sinisterra
53%
Mateusz Klich
53%
Maximilian Wöber
53%
Phil Masinga
53%
Weston McKennie
53%
Chris Wood
47%
Diego Llorente
47%
Jemal Johnson
47%
Rasmus Kristensen
47%
Tore André Flo
47%
Georginio Rutter
42%
Gunnar Halle
42%
Lamine Sakho
42%
Marc Roca
42%
Max Gradel
42%
Paul Okon
42%
Robert Molenaar
42%
Rui Marques
42%
Samu Sáiz
42%
Teddy Lučić
42%
Adryan
37%
Davide Somma
37%
Ilia Gruev
37%
Jermaine Beckford
37%
Luciano Becchio
37%
Mateo Fernández
37%
Mirco Antenucci
37%
Roque Junior
37%
Yosuke Ideguchi
37%
Zoumana Camara
37%
Eddie Lewis
32%
Edgar Çani
32%
Felix Wiedwald
32%
Jacob Burns
32%
Kasper Schmeichel
32%
Kiko Casilla
32%
Kristoffer Klaesson
32%
Ľubomir Michalík
32%
Marco Silvestri
32%
Marius Žaliūkas
32%
Marlon King
32%
Mateusz Bogusz
32%
Mikael Forssell
32%
Mike Grella
32%
Pontus Jansson
32%
Ramón Nuñez
32%
Souleymane Doukara
32%
Tomas Brolin
32%
Willem Korsten
32%
Albert Johanneson
26%
Al-Hadji Diouf
26%
Brian Montenegro
26%
Bruno Ribeiro
26%
Caspar Ankergren
26%
Clyde Wijnhard
26%
Danny Hay
26%
Danny Milošević
26%
David González
26%
Didier Domi
26%
Frank Strandli
26%
Giuseppe Bellusci
26%
Gylfy Einarsson
26%
Hadi Sacko
26%
Jamie McMaster
26%
Jimmy Kébé
26%
Joel
26%
Leo Hjelde
26%
Mika Väyrynen
26%
Radostin Kishishev
26%
Raúl Bravo
26%
Robbie Rogers
26%
Rodolp Austin
26%
Salomon Olembé
26%
Shane Cansdell-Sherriff
26%
Sol Bamba
26%
Tommaso Bianchi
26%
Trésor Kandol
26%
Aapo Halme
21%
Alejandro Sabella
21%
Casper Sloth
21%
Clarke Oduor
21%
Dominic Poleon
21%
Dylan Kerr
21%
Elia Caprile
21%
Eric Lichaj
21%
Gerry Francis
21%
Hugo Díaz
21%
Jean-Kévin Augustin
21%
Kemar Roofe
21%
Laurens De Bock
21%
Madger Gomes
21%
Mahamadou Habibou
21%
Mansour Assoumani
21%
Mark De Vries
21%
Martin Hiden
21%
Modou Barrow
21%
Neil Kilkenny
21%
Patrick Kisnorbo
21%
Pierre Laurent
21%
Pierre-Michel Lasogga
21%
Sam Sodje
21%
Sebastian Sorsa
21%
Vurnon Anita
21%
Cyril Chapuis
16%
Dexter Blackstock
16%
Enoch Showunmi
16%
Hayden Foxe
16%
Kamil Miazek
16%
Lloyd Sam
16%
Marcus Antonsson
16%
Nuno Santos
16%
Oliver Šarkić
16%
Ouasim Bouy
16%
Pedraza
16%
Sébastien Carole
16%
Shane Lowry
16%
Tommy Knarvik
16%
Tony Warner
16%
Alessandro Nista
11%
Allan Harvey
11%
Amdy Faye
11%
Bradley Groves
11%
Caleb Ekuban
11%
Chad Harpur
11%
Charlie Horton
11%
Dani Van De Heuvel
11%
Dario Del Fabro
11%
Diogo Monteiro
11%
Federico Bessone
11%
Gboly Ariyibi
11%
Granddi N'Goyi
11%
Jay-Roy Grot
11%
Joel Griffiths
11%
Jordan Botaka
11%
Kevin Sharp
11%
Léandre Griffit
11%
Mustapha Carayol
11%
Oriol Rey
11%
Paweł Cibicki
11%
Robert Stucki
11%
Romario Vieira
11%
Saša Ilić
11%
Tim Huff
11%
Toumani Diagouraga
11%
Žan Benedičič
11%
Joël Pirou
5%
Kun Temenuzkhkov
5%
No matching quizzes found
Score Distribution
Percent of People with Each Score
Percentile by Number Answered
Your Score History
You have not taken this quiz